00469 2200181 4500001002100000008004100021035002000062245006700082100002600149250000600175260003500181300001100216084001400227082000800241650001400249990001200263990001200275INLIS000000000000304 ind  a0010-0424000280 aAtlas Tematik : Kab. Hulu Sungai SelatancWidya Hesti Kawedhar aHesti Kawedhar, Widya a1 aKlaten :bIntan Pariwarac2011 a76 hlm a520 WID a a520 aReferensi a0728789 a0728790